000 00782nam a22002177a 4500
005 20150421110056.0
010 _aENG-112392
020 _a9780199456307
_c545.00
020 _a199456305
_c545.00
035 _aEN-95924
037 _bDBAD/PUB
082 _a791.430954
100 _aRaghavendra, M.K.
245 _aSeduced by the familiar :
_bnarration and meaning in Indian popular cinema /
_cby M.K.Raghavendra
260 _aNew Delhi
_bOxford University Press
_c2015
270 _aYMCA Library Building, 1 Jai Singh Road,
_bNew Delhi
_e110001
300 _ax,362p. :
_c23cm(pbk)
_bill.
500 _a Includes bibliographical references (p. [333]-340) and index.
650 _aMotion pictures
_zIndia |x History.
942 _2ddc
_cEN
_mRAG
_h791.430954
999 _c92279
_d92279